Torcidas Organizadas No Brasil - Statistics

Estatísticas Gerais
  • Esse quiz foi jogado 381 vezes
  • A pontuação média é 12 de 15
Estatísticas das Respostas
Torcida Time % Correto
Raça Rubro-Negra Flamengo
98%
Mancha Verde Palmeiras
98%
Gaviões da Fiel Corinthians
97%
Galoucura Atlético Mineiro
95%
Máfia Azul Cruzeiro
94%
Força Jovem - FJV Vasco
93%
Young Flu Fluminense
92%
Independente São Paulo
92%
Fúria Jovem - FJB Botafogo
87%
Camisa 12 Internacional
83%
Torcida Jovem Santos
83%
Império Alviverde Coritiba
67%
Super Raça Grêmio
63%
Os Fanáticos Athletico Paranaense
60%
Fúria Independente Guarani
23%
Nenhum quiz correspondente encontrado
Distribuição das Pontuações
Porcentagem de Pessoas com Cada Pontuação
Percentil de Números Respondidos
Sua Pontuação Histórica
Você não jogou esse quiz